Climate change scenarios for the Czech Republic : country study of climate change for the Czech Republic : element 2 /

Hlavní autor: Kalvová, Jaroslava, 1940-2020
Jazyk: Angličtina
Vydáno: Praha : Český hydrometeorologický ústav, 1996
Vydání: 1. vyd.
Edice: Národní klimatický program ČR
Témata:
Fyzický popis: 99 s. : il. ; 29 cm
Knihy
Uloženo v:
LEADER 01360nam a2200373 a 4500
001 000127895
003 CZ BrMZK
005 20220209092201.0
007 ta
008 960815s1996 xr f eng d
015 |a cnb000187336 
020 |a 80-85813-37-8 
035 |a (OCoLC)37675135 
040 |a BOA001  |b cze 
043 |a e-xr--- 
072 7 |a 551  |x Geologie. Meteorologie. Klimatologie  |2 Konspekt  |9 7 
080 |a 551.583  |2 MRF 
080 |a 502/504  |2 MRF 
080 |a (437.3)  |2 MRF 
080 |a (048.8)  |2 MRF 
100 1 |a Kalvová, Jaroslava,  |d 1940-2020  |7 jk01052761  |4 aut 
245 1 0 |a Climate change scenarios for the Czech Republic :  |b country study of climate change for the Czech Republic : element 2 /  |c Jaroslava Kalvová ... [et al.] 
250 |a 1. vyd. 
260 |a Praha :  |b Český hydrometeorologický ústav,  |c 1996 
300 |a 99 s. :  |b il. ;  |c 29 cm 
490 1 |a Národní klimatický program České republiky ;  |v sv. 24 
500 |a Bibliogr. 
650 0 7 |a klimatické změny  |7 ph134843  |z Česko  |2 czenas 
650 0 7 |a klimatické změny  |7 ph134843  |x environmentální aspekty  |2 czenas 
655 7 |a studie  |7 fd133597  |2 czenas 
830 0 |a Národní klimatický program ČR 
910 |a BOA001  |b 4-1028.682 
990 |a BK 
996 7 |b 2610046749  |c 4-1028.682  |l MZK  |r Sklad / do 1 hodiny  |n 6  |p p.v.  |w 000127895  |u 000010  |a 1  |e BOA001  |j MZK50  |s A